[Event "Isle of Man Open"]
[Site "Douglas"]
[Date "24.10.2018"]
[Round "5.69"]
[White "Sahl, Bjarke"]
[Black "Laustsen, Lars"]
[Result "1-0"]
[WhiteTitle "IM"]
[WhiteElo "2322"]
[BlackElo "2236"]
[WhiteFideId "1400231"]
[BlackFideId "1407554"]
[EventDate "2018.10.20"]

1. Nf3 c5 2. c3 d5 3. d4 Nf6 4. Bf4 Qb6 5. Qb3 c4 6. Qc2 Nc6 7. Nbd2 Bg4 8. e4
e6 9. Be2 Nxe4 10. Nxe4 dxe4 11. Ng5 Bf5 12. Nxe4 Be7 13. O-O O-O 14. Bf3 Rac8
15. Rad1 Rfd8 16. Qc1 Qa5 17. a3 h6 18. h3 Bf8 19. Rfe1 b5 20. Nd2 Qb6 21. g4
Bg6 22. Bg2 Ne7 23. Nf3 a5 24. Bg3 Nc6 25. h4 b4 26. axb4 axb4 27. h5 Bh7 28. g5
hxg5 29. Nxg5 Bf5 30. Ne4 Ne7 31. Bh4 bxc3 32. bxc3 Rd5 33. Ng3 Ra5 34. d5 Nxd5
35. Rxd5 exd5 36. Nxf5 d4 37. Nxd4 Rxh5 38. Bg3 Bc5 39. Qf4 Bxd4 40. Qg4 Rcc5
41. cxd4 Rcg5 42. Qc8+ Kh7 43. Qxc4 Qg6 44. Qb3 Rg4 45. d5 Rhg5 46. Qb1 f5 47.
Re6 Qh5 48. Qd3 Ra4 49. Re1 Qg6 50. d6 f4 51. Be4 Rxe4 52. Rxe4 fxg3 53. Rh4+
Kg8 54. Qc4+ Qf7 55. Qc8+ 1-0

[Event "Isle of Man Open"]
[Site "Douglas"]
[Date "24.10.2018"]
[Round "5.70"]
[White "Grant, Jonathan I M"]
[Black "Kolbus, Dietmar"]
[Result "1/2-1/2"]
[BlackTitle "IM"]
[WhiteElo "2203"]
[BlackElo "2313"]
[WhiteFideId "2400294"]
[BlackFideId "4610628"]
[EventDate "2018.10.20"]

1. c4 Nf6 2. Nc3 e6 3. e4 e5 4. Nf3 Nc6 5. Be2 Bb4 6. Nd5 Bd6 7. d4 Nxd5 8. cxd5
Nxd4 9. Nxd4 exd4 10. Qxd4 O-O 11. e5 Be7 12. O-O d6 13. Bf4 Bf5 14. Rac1 Qd7
15. Rc3 Rfc8 16. Rfc1 Bf8 17. h4 dxe5 18. Bxe5 c5 19. dxc6 Rxc6 20. Rxc6 bxc6
21. Bf3 Rc8 22. Qxd7 Bxd7 23. Bf4 Be7 24. b3 Bxh4 25. Rd1 Be6 26. Rd6 Be7 27.
Rxc6 Rxc6 28. Bxc6 Bc5 29. Kf1 Kf8 30. Ke2 Ke7 31. Be5 f6 32. Bc3 Bb6 33. Bb4+
Kf7 34. Bd6 h5 35. Be4 g5 36. f3 f5 37. Bc2 Kf6 38. a4 Bd5 39. b4 Ke6 40. Bb8 g4
41. fxg4 fxg4 1/2-1/2

[Event "Isle of Man Open"]
[Site "Douglas"]
[Date "24.10.2018"]
[Round "5.71"]
[White "Leutwyler, Martin"]
[Black "Strunski, Andreas"]
[Result "0-1"]
[BlackTitle "IM"]
[WhiteElo "2142"]
[BlackElo "2306"]
[WhiteFideId "1301969"]
[BlackFideId "24606073"]
[EventDate "2018.10.20"]

1. d4 d5 2. Nf3 Nf6 3. c4 c6 4. e3 Bg4 5. Qb3 Qb6 6. Nc3 e6 7. Nh4 Bh5 8. h3 Be7
9. g4 Bg6 10. Nxg6 hxg6 11. Bg2 g5 12. O-O Nbd7 13. Rd1 Nf8 14. Qa4 Qb4 15. Qxb4
Bxb4 16. cxd5 exd5 17. a3 Be7 18. e4 dxe4 19. Nxe4 Nxe4 20. Bxe4 Rxh3 21. d5 c5
22. Be3 Rd8 23. b4 b6 24. Kg2 Rh4 25. f3 Rh6 26. bxc5 bxc5 27. Rdc1 Nd7 28. f4
gxf4 29. Bxf4 g5 30. Bc7 Rc8 31. Bg3 Bd6 32. Bf2 Ne5 33. Bf5 Rc7 34. Rab1 Ke7
35. Rb5 c4 36. Ra5 Nd3 37. Bxd3 cxd3 38. Rxa7 Rxa7 39. Bxa7 Rh2+ 40. Kf3 Rh3+
41. Ke4 Rg3 42. Rd1 Rxg4+ 43. Kf5 Rg3 44. a4 Bb4 45. Bb8 Re3 46. Ba7 Rg3 47. Bb8
Rh3 48. Kxg5 d2 49. Bf4 Rd3 50. Kg4 Kf6 51. d6 Ke6 52. d7 Kxd7 53. Kf5 Rd4 54.
Be3 Rc4 55. Ke5 Bc3+ 56. Kd5 Rxa4 57. Kc5 Re4 58. Bxd2 Bxd2 59. Rxd2+ Ke6 60.
Rd4 Ke5 61. Rd1 f5 62. Rd8 Re3 63. Re8+ Kf4 64. Rd8 Kf3 65. Kd4 f4 66. Rf8 Re7
67. Rf6 Kg3 68. Rg6+ Kf2 69. Rf6 f3 70. Kd3 Kg2 71. Rg6+ Kf1 72. Rf6 f2 73. Kd2
Re2+ 74. Kd1 Re1+ 75. Kd2 Kg2 76. Rg6+ Kh3 0-1

[Event "Isle of Man Open"]
[Site "Douglas"]
[Date "24.10.2018"]
[Round "5.72"]
[White "Sipos, Silvester"]
[Black "L'Ami, Alina"]
[Result "0-1"]
[BlackTitle "IM"]
[WhiteElo "2050"]
[BlackElo "2296"]
[WhiteFideId "444260"]
[BlackFideId "1210246"]
[EventDate "2018.10.20"]

1. e4 c5 2. c4 Nc6 3. g3 g6 4. Bg2 Bg7 5. Ne2 d6 6. d3 Nf6 7. Nbc3 O-O 8. O-O a6
9. Bg5 h6 10. Bd2 Rb8 11. h3 b5 12. Be3 bxc4 13. dxc4 Rxb2 14. Qc1 Rb4 15. Bxh6
Rxc4 16. Bxg7 Kxg7 17. Qg5 Rh8 18. g4 Nd4 19. Nxd4 cxd4 20. Ne2 e5 21. Ng3 Be6
22. f4 exf4 23. Rxf4 Rc5 24. Rf5 Bxf5 25. gxf5 Qe7 26. Rf1 Qe5 27. Rf3 Nxe4 28.
Nxe4 Qxe4 29. f6+ Kg8 30. Qg3 Qe5 31. Qg4 Rc1+ 32. Bf1 Rh5 33. h4 Rf5 0-1

[Event "Isle of Man Open"]
[Site "Douglas"]
[Date "24.10.2018"]
[Round "5.73"]
[White "Jonsson, Gauti Pall"]
[Black "Moksh, Amit Doshi"]
[Result "0-1"]
[WhiteElo "2073"]
[BlackElo "2224"]
[WhiteFideId "2309092"]
[BlackFideId "25064967"]
[EventDate "2018.10.20"]

1. e4 c5 2. Nf3 d6 3. d4 cxd4 4. Nxd4 Nf6 5. Nc3 a6 6. Be2 e5 7. Nf3 Be7 8. Bg5
Nbd7 9. a4 h6 10. Bxf6 Nxf6 11. Nd2 Be6 12. Nc4 Rc8 13. Nd5 Nxe4 14. O-O Rc5 15.
Nce3 O-O 16. Bf3 Ng5 17. Nxe7+ Qxe7 18. Be2 f5 19. c4 f4 20. b4 Rcc8 21. Nd5
Bxd5 22. Qxd5+ Kh8 23. Rfd1 Rcd8 24. Ra3 e4 25. Bg4 Nh7 26. Re1 Nf6 27. Qd1 d5
28. c5 Nxg4 29. Qxg4 d4 30. Rf3 Qe5 31. g3 g5 32. Qh5 Kg7 33. gxf4 Rxf4 34. Rh3
Qf6 35. Qe2 d3 36. Qd2 Rf8 37. Rf1 Qe5 38. Re3 Rg4+ 39. Rg3 Rxg3+ 40. hxg3 Rf3
41. Kg2 h5 42. Rh1 e3 0-1

[Event "Isle of Man Open"]
[Site "Douglas"]
[Date "24.10.2018"]
[Round "5.74"]
[White "Kulkarni, Rakesh"]
[Black "Burrows, Martin P"]
[Result "1-0"]
[WhiteElo "2297"]
[BlackElo "2121"]
[WhiteFideId "5037077"]
[BlackFideId "409057"]
[EventDate "2018.10.20"]

1. d4 Nf6 2. c4 e6 3. Nc3 Bb4 4. e3 b6 5. Nf3 Bb7 6. Bd3 Ne4 7. Qc2 f5 8. O-O
Bxc3 9. bxc3 O-O 10. Ne1 c5 11. f3 Nd6 12. Ba3 Na6 13. Rd1 Qc7 14. e4 fxe4 15.
fxe4 Rxf1+ 16. Kxf1 e5 17. Nf3 Nf7 18. Kg1 d6 19. Rf1 Rf8 20. Nh4 Nb8 21. Qf2
Qd8 22. Bc1 Nc6 23. d5 Ne7 24. Qg3 Bc8 25. Nf5 Ng6 26. h4 Bxf5 27. exf5 Qxh4 28.
Qxh4 Nxh4 29. g3 e4 30. Bxe4 Re8 31. Bb1 Re2 1-0

[Event "Isle of Man Open"]
[Site "Douglas"]
[Date "24.10.2018"]
[Round "5.75"]
[White "Schroer, Marcel"]
[Black "Allen, Keith"]
[Result "1/2-1/2"]
[WhiteElo "2064"]
[BlackElo "2216"]
[WhiteFideId "1012908"]
[BlackFideId "2501147"]
[EventDate "2018.10.20"]

1. Nf3 d5 2. d4 Nf6 3. c4 e6 4. g3 Bb4+ 5. Bd2 Be7 6. Bg2 c6 7. Qc2 O-O 8. O-O
b6 9. Bf4 Bb7 10. Nbd2 Nh5 11. Rac1 Nd7 12. Rfd1 g5 13. Be3 f5 14. Nf1 Ba6 15.
b3 h6 16. Ne5 Rc8 17. Ng6 Rf6 18. Nxe7+ Qxe7 19. Bd2 Kg7 20. Ne3 Rff8 21. Bc3
Nhf6 22. Bb2 Kh8 23. Nf1 b5 24. Nd2 bxc4 25. bxc4 Nb6 26. Qc3 Qf7 27. Ba3 Rfd8
28. c5 Nc4 29. e3 Ne4 30. Nxe4 fxe4 31. Bb4 Rf8 32. Rc2 h5 33. h3 Kg8 34. a3 Bb5
35. Rdc1 Ba4 36. Ra2 Qc7 37. Qa1 a5 38. Rxc4 dxc4 39. Bc3 g4 40. h4 Rf3 41. Qb1
Bb3 42. Rb2 Qh7 43. Bxa5 Ra8 44. Bb4 Qf5 45. Qc1 Rf8 46. Be1 Qd5 47. Bb4 Kg7 48.
Bc3 Kg6 49. Qb1 Kh6 50. Qc1 Ra8 51. Bb4 Qf5 52. Qb1 Kg6 53. Qc1 Qd5 1/2-1/2

[Event "Isle of Man Open"]
[Site "Douglas"]
[Date "24.10.2018"]
[Round "5.76"]
[White "Mai, Aron Thor"]
[Black "Lorscheid, Gerhard"]
[Result "0-1"]
[BlackTitle "FM"]
[WhiteElo "2063"]
[BlackElo "2205"]
[WhiteFideId "2313383"]
[BlackFideId "4606000"]
[EventDate "2018.10.20"]

1. e4 d6 2. d4 Nf6 3. Nc3 g6 4. f4 Bg7 5. Nf3 O-O 6. e5 Nfd7 7. h4 c5 8. h5 cxd4
9. hxg6 dxc3 10. gxf7+ Rxf7 11. Bc4 e6 12. Bxe6 Nxe5 13. Bxf7+ Nxf7 14. b3 Nc6
15. Be3 Bf5 16. a3 d5 17. Nd4 Nxd4 18. Bxd4 Qe7+ 19. Kf1 Qe4 20. Bxg7 Kxg7 21.
Qf3 Qxc2 22. Qxd5 Rd8 23. Qf3 Qb2 24. Re1 c2 25. Qg3+ Kf8 26. Qe3 Rd1 27. Qe7+
Kg7 28. Rxh7+ Bxh7 0-1

[Event "Isle of Man Open"]
[Site "Douglas"]
[Date "24.10.2018"]
[Round "5.77"]
[White "Harari, Zaki"]
[Black "Bopp, Thomas"]
[Result "0-1"]
[WhiteElo "2055"]
[BlackElo "2160"]
[WhiteFideId "2002639"]
[BlackFideId "4656113"]
[EventDate "2018.10.20"]

1. e4 c6 2. d4 d5 3. e5 Bf5 4. Nf3 e6 5. Be2 Ne7 6. O-O c5 7. c3 Nec6 8. Be3
cxd4 9. cxd4 Be7 10. Nc3 O-O 11. Ne1 Nd7 12. g4 Bg6 13. f4 f6 14. f5 fxe5 15.
dxe5 Ndxe5 16. fxg6 d4 17. Rxf8+ Qxf8 18. Qb3 dxe3 19. Qxe6+ Kh8 20. Ng2 Qf2+
21. Kh1 Rf8 22. gxh7 Bb4 23. Re1 Kxh7 24. Ne4 Qxe2 25. Ng5+ Kh8 0-1

[Event "Isle of Man Open"]
[Site "Douglas"]
[Date "25.10.2018"]
[Round "6.3"]
[White "Jumabayev, Rinat"]
[Black "Vachier-Lagrave, Maxime"]
[Result "0-1"]
[WhiteTitle "GM"]
[BlackTitle "GM"]
[WhiteElo "2605"]
[BlackElo "2780"]
[WhiteFideId "13702661"]
[BlackFideId "623539"]
[EventDate "2018.10.20"]

1. d4 Nf6 2. c4 g6 3. Nf3 Bg7 4. e3 O-O 5. Be2 d6 6. Nc3 Bf5 7. Nd2 e5 8. d5 e4
9. g4 Bc8 10. g5 Nfd7 11. Ndxe4 f5 12. gxf6 Nxf6 13. Ng3 Bh3 14. e4 Nbd7 15. Bg5
c6 16. Qd2 Qa5 17. f3 Ne5 18. Rg1 cxd5 19. cxd5 Rac8 20. Nd1 Qa4 21. Nc3 Qb4 22.
Nd1 Qa4 23. Nc3 Qd7 24. Bh6 b5 25. Bxg7 Qxg7 26. Nxb5 Qb7 27. Nd4 Qb6 28. Rd1
Rce8 29. Qc3 Rc8 30. Qd2 Rce8 31. Qc3 Rc8 32. Qa3 Rc2 33. f4 Rxb2 34. Nf1 Nxe4
35. fxe5 dxe5 36. Ng3 exd4 0-1

[Event "Isle of Man Open"]
[Site "Douglas"]
[Date "25.10.2018"]
[Round "6.4"]
[White "Parligras, Mircea-Emilian"]
[Black "Karjakin, Sergey"]
[Result "1/2-1/2"]
[WhiteTitle "GM"]
[BlackTitle "GM"]
[WhiteElo "2623"]
[BlackElo "2760"]
[WhiteFideId "1204297"]
[BlackFideId "14109603"]
[EventDate "2018.10.20"]

1. d4 Nf6 2. c4 e6 3. Nc3 Bb4 4. Qc2 d5 5. a3 Bxc3+ 6. Qxc3 Ne4 7. Qc2 c5 8.
dxc5 Nc6 9. Nf3 Qa5+ 10. Bd2 Qxc5 11. e3 Nxd2 12. Nxd2 dxc4 13. Bxc4 O-O 14. b4
Qe7 15. O-O Rd8 16. Bd3 h6 17. Be4 Rb8 18. Nc4 a6 19. Bxc6 bxc6 20. Na5 Bb7 21.
Rac1 Rd6 22. Rfd1 Rbd8 23. h3 Ba8 24. Rxd6 Rxd6 25. Qe2 Qd8 26. Nb3 Bb7 27. e4
e5 28. Na5 Ba8 29. Nc4 Rd4 30. Nxe5 c5 31. Rxc5 Bxe4 32. Qxa6 Rd1+ 33. Kh2 Qd2
34. Qc8+ Kh7 35. Qg4 Qe1 36. Nf3 Qh1+ 37. Kg3 Bg6 38. Rc3 Rd8 39. Qf4 Qa1 40.
Qc1 Qa2 41. Qe3 Rd6 42. b5 Re6 43. Qc5 Be4 44. Kh2 Rg6 45. Qd4 Qb1 46. Qc4 Bb7
47. Qxf7 Qxb5 48. Rb3 Qf1 49. Ng5+ Rxg5 50. Qxb7 Qxf2 51. Qe4+ Qf5 52. Qxf5+
Rxf5 53. a4 Ra5 54. Ra3 Kg6 55. Kg3 Kf5 56. Kf3 h5 57. Ke3 Ke5 58. Kd3 Kd5 59.
Kc3 Kc5 60. Ra2 Kb6 61. Kd4 Kc6 62. Kc4 Kb6 63. Kb4 Rg5 64. a5+ Ka6 65. Kc4 h4
66. Kd4 Rb5 67. Ke4 g5 68. Kf3 Rb4 69. Rd2 Rf4+ 70. Ke3 Rf5 71. Ra2 Rb5 72. Ke4
Rc5 73. Rf2 Rxa5 74. Rf5 Ra4+ 75. Kf3 Ra3+ 76. Kg4 Rg3+ 77. Kh5 Rxg2 78. Rxg5
Rh2 79. Kxh4 Kb6 80. Rd5 Kc6 81. Rd3 Ra2 82. Kg5 Ra5+ 83. Kg4 Ra4+ 84. Kg5 Ra5+
85. Kg6 Ra4 86. Kf6 Kc7 87. Kg5 Ra5+ 88. Kg4 Ra4+ 89. Kg3 Ra8 90. h4 Rd8 91.
Rxd8 1/2-1/2

[Event "Isle of Man Open"]
[Site "Douglas"]
[Date "25.10.2018"]
[Round "6.5"]
[White "Wojtaszek, Radoslaw"]
[Black "Svane, Rasmus"]
[Result "1-0"]
[WhiteTitle "GM"]
[BlackTitle "GM"]
[WhiteElo "2727"]
[BlackElo "2595"]
[WhiteFideId "1118358"]
[BlackFideId "4657101"]
[EventDate "2018.10.20"]

1. Nf3 d5 2. g3 g6 3. Bg2 Bg7 4. d4 Nf6 5. O-O O-O 6. Nbd2 Na6 7. b3 c5 8. Bb2
b6 9. c4 Bb7 10. e3 e6 11. Qe2 Qe7 12. Rac1 Rac8 13. Rfd1 Rfd8 14. cxd5 Nxd5 15.
Nc4 Nf6 16. Nfe5 Bxg2 17. Kxg2 cxd4 18. Bxd4 Nc5 19. b4 Ncd7 20. b5 Nb8 21. Qf3
Nfd7 22. Qxf7+ Qxf7 23. Nxf7 Rf8 24. Bxg7 Rxf7 25. Bb2 Rf5 26. Nd6 Rxc1 27. Rxc1
Rc5 28. Rxc5 Nxc5 29. Nc8 Na4 30. Bd4 Nd7 31. f4 Kf7 32. Nxa7 Ke7 33. Nc8+ Kd8
34. Nd6 Ke7 35. Nc4 1-0

[Event "Isle of Man Open"]
[Site "Douglas"]
[Date "25.10.2018"]
[Round "6.6"]
[White "Adhiban, Baskaran"]
[Black "Aronian, Levon"]
[Result "1/2-1/2"]
[WhiteTitle "GM"]
[BlackTitle "GM"]
[WhiteElo "2668"]
[BlackElo "2780"]
[WhiteFideId "5018471"]
[BlackFideId "13300474"]
[EventDate "2018.10.20"]

1. e4 e5 2. Nf3 Nc6 3. Nc3 Nf6 4. Bb5 Bb4 5. O-O O-O 6. d3 d6 7. Ne2 Ne7 8. c3
Ba5 9. Ng3 c6 10. Ba4 Ng6 11. d4 Re8 12. Bc2 h6 13. h3 Bc7 14. Re1 d5 15. Nxe5
Nxe5 16. dxe5 Nxe4 17. Nxe4 dxe4 18. Qxd8 Rxd8 19. Bxe4 Bxe5 20. Be3 Be6 21. Bf3
Bc7 22. a3 Bb6 23. Bxb6 axb6 24. Rad1 Kf8 25. Rxd8+ Rxd8 26. Rd1 Re8 27. h4 b5
28. Be2 Bd5 29. Rd2 Bc4 30. Kf1 Re5 31. Bxc4 1/2-1/2

[Event "Isle of Man Open"]
[Site "Douglas"]
[Date "25.10.2018"]
[Round "6.7"]
[White "Giri, Anish"]
[Black "Kovalev, Vladislav"]
[Result "1/2-1/2"]
[WhiteTitle "GM"]
[BlackTitle "GM"]
[WhiteElo "2780"]
[BlackElo "2664"]
[WhiteFideId "24116068"]
[BlackFideId "13504398"]
[EventDate "2018.10.20"]

1. d4 Nf6 2. c4 e6 3. Nf3 d5 4. g3 Be7 5. Bg2 O-O 6. Nc3 Nbd7 7. Qd3 a6 8. Bf4
c5 9. cxd5 Nxd5 10. Nxd5 exd5 11. dxc5 Nxc5 12. Qc2 Qa5+ 13. Bd2 Qa4 14. Qxa4
Nxa4 15. b3 Nc5 16. O-O Ne4 17. Ba5 Be6 18. Nd4 Rac8 19. e3 Ba3 20. Rad1 Nc3 21.
Rd2 Rfe8 22. Bxc3 Rxc3 23. Ne2 Rc5 24. Nf4 Rd8 25. Rfd1 Bg4 26. Nxd5 Kf8 27. f3
Be6 28. Nc7 Rxd2 29. Nxe6+ fxe6 30. Rxd2 Rc1+ 31. Kf2 Bb4 32. Re2 Rd1 33. f4 b6
34. Be4 h6 35. a3 Bxa3 36. Ra2 Bc5 37. Ke2 Rc1 38. Kd2 Rf1 39. Ke2 Rc1 40. Rxa6
Rc3 41. Ra8+ Ke7 42. Ra7+ Kf6 43. Bd3 Rxb3 44. h4 e5 45. fxe5+ Kxe5 46. Rxg7
Rb2+ 47. Kf3 Rb3 48. Rd7 Bd6 49. Be4 Bc5 50. Rd5+ Ke6 51. Rh5 Rxe3+ 52. Kf4 Rc3
53. Rxh6+ Ke7 54. Rh7+ Kf6 55. Kg4 Bd6 56. Bf3 Rc4+ 57. Kh3 Rc3 58. Rd7 Be5 1/2-1/2

[Event "Isle of Man Open"]
[Site "Douglas"]
[Date "25.10.2018"]
[Round "6.8"]
[White "Kramnik, Vladimir"]
[Black "L'Ami, Erwin"]
[Result "1-0"]
[WhiteTitle "GM"]
[BlackTitle "GM"]
[WhiteElo "2779"]
[BlackElo "2639"]
[WhiteFideId "4101588"]
[BlackFideId "1007998"]
[EventDate "2018.10.20"]

1. d4 Nf6 2. Nf3 d5 3. c4 e6 4. Nc3 Nbd7 5. cxd5 exd5 6. Qc2 c6 7. Bg5 h6 8. Bh4
g5 9. Bg3 Nh5 10. O-O-O Nxg3 11. hxg3 g4 12. Nh4 Nb6 13. e4 Be6 14. e5 Nc4 15.
Bxc4 dxc4 16. Nf5 Qa5 17. Kb1 O-O-O 18. Ne3 Bb4 19. Ne2 b5 20. Nf4 c3 21. Nxe6
fxe6 22. Rd3 cxb2 23. Qxc6+ Kb8 24. Qxe6 Rc8 25. Qb3 Rc7 26. Qxb2 Bc3 27. Qb3
Rhc8 28. Rhd1 b4 29. e6 Rb7 30. d5 Bf6 31. Nxg4 Bg7 32. d6 Rc3 33. d7 Rxb3+ 34.
Rxb3 Qd8 35. e7 1-0

[Event "Isle of Man Open"]
[Site "Douglas"]
[Date "25.10.2018"]
[Round "6.9"]
[White "Short, Nigel D"]
[Black "So, Wesley"]
[Result "1/2-1/2"]
[WhiteTitle "GM"]
[BlackTitle "GM"]
[WhiteElo "2652"]
[BlackElo "2776"]
[WhiteFideId "400025"]
[BlackFideId "5202213"]
[EventDate "2018.10.20"]

1. e4 c5 2. Nf3 d6 3. d4 cxd4 4. Nxd4 Nf6 5. Nc3 a6 6. Be2 e5 7. Nb3 Be7 8. O-O
O-O 9. Qd3 Be6 10. Bd2 Nbd7 11. Nd5 Bxd5 12. exd5 Nc5 13. Nxc5 dxc5 14. c4 Qc7
15. Qh3 Qd7 16. Qxd7 Nxd7 17. g4 Bd6 18. Rae1 Rfe8 19. Kg2 e4 20. Bd1 b5 21. Bc2
Ne5 22. Bxe4 Nxc4 23. Bc1 Re7 24. Re2 Rae8 25. Rfe1 Nb6 26. Kf1 c4 27. f3 Nd7
28. Bg5 f6 29. Bd2 g6 30. f4 Kf7 31. Kf2 b4 32. Kf3 a5 33. h4 Nc5 34. Bb1 Na4
35. Rxe7+ Rxe7 36. Rxe7+ Bxe7 37. b3 Nb6 38. bxc4 Nxc4 39. Bc1 Nd6 40. Bc2 f5
41. h5 1/2-1/2

[Event "Isle of Man Open"]
[Site "Douglas"]
[Date "25.10.2018"]
[Round "6.11"]
[White "Melkumyan, Hrant"]
[Black "Grischuk, Alexander"]
[Result "1/2-1/2"]
[WhiteTitle "GM"]
[BlackTitle "GM"]
[WhiteElo "2660"]
[BlackElo "2769"]
[WhiteFideId "13302485"]
[BlackFideId "4126025"]
[EventDate "2018.10.20"]

1. d4 g6 2. c4 Bg7 3. e4 d6 4. Nf3 Nf6 5. Nc3 O-O 6. Be2 e5 7. O-O Nc6 8. d5 Ne7
9. Bd2 Ne8 10. Rc1 f5 11. Qb3 h6 12. c5 Kh8 13. cxd6 Nxd6 14. Bd3 c6 15. dxc6
Nxc6 16. Be3 Nd4 17. Bxd4 exd4 18. Nb5 Nxe4 19. Nc7 Rb8 20. Na6 Ra8 21. Nc7 Rb8
22. Na6 Ra8 23. Nc7 1/2-1/2

[Event "Isle of Man Open"]
[Site "Douglas"]
[Date "25.10.2018"]
[Round "6.12"]
[White "Donchenko, Alexander"]
[Black "Rapport, Richard"]
[Result "0-1"]
[WhiteTitle "GM"]
[BlackTitle "GM"]
[WhiteElo "2610"]
[BlackElo "2725"]
[WhiteFideId "24603295"]
[BlackFideId "738590"]
[EventDate "2018.10.20"]

1. c4 e5 2. g3 Nc6 3. Nc3 g6 4. Bg2 Bg7 5. e4 Nd4 6. Nge2 Nxe2 7. Qxe2 Ne7 8. d3
d6 9. Bg5 h6 10. Be3 Nc6 11. Rb1 Nd4 12. Qd1 h5 13. h4 Bg4 14. f3 Be6 15. Ne2 b5
16. b3 c5 17. Nxd4 cxd4 18. Bd2 Rb8 19. O-O O-O 20. a4 bxc4 21. bxc4 Qc7 22. Bb4
Bh6 23. f4 exf4 24. gxf4 a5 25. Bd2 Bg4 26. Bf3 Rxb1 27. Qxb1 Rb8 28. Qd1 Bh3
29. Rf2 d5 30. exd5 Bxf4 31. Bxf4 Qxf4 32. Bg2 Qg3 33. Qf1 Bxg2 34. Rxg2 Qxh4
35. d6 Re8 36. d7 Re6 37. Re2 Rd6 38. Re8+ Kg7 39. Qf3 Rxd7 40. Qa8 Qg3+ 41. Kh1
Qh4+ 42. Kg1 Re7 43. Rg8+ Kf6 44. Qd8 Qg3+ 45. Kh1 Qh3+ 46. Kg1 Qe3+ 47. Kh1 Kf5
48. Qd5+ Kg4 0-1

[Event "Isle of Man Open"]
[Site "Douglas"]
[Date "25.10.2018"]
[Round "6.14"]
[White "Vidit, Santosh Gujrathi"]
[Black "Antipov, Mikhail Al."]
[Result "0-1"]
[WhiteTitle "GM"]
[BlackTitle "GM"]
[WhiteElo "2711"]
[BlackElo "2593"]
[WhiteFideId "5029465"]
[BlackFideId "4107012"]
[EventDate "2018.10.20"]

1. d4 Nf6 2. c4 c6 3. Nf3 d5 4. Nc3 a6 5. g3 Bf5 6. Bg2 e6 7. Nh4 Bg4 8. h3 Bh5
9. Qb3 b5 10. c5 a5 11. g4 Nfd7 12. Nf3 Bg6 13. Bf4 Be7 14. O-O O-O 15. Rfe1 Re8
16. a3 Na6 17. Qd1 Nc7 18. b4 Qc8 19. e3 Qb7 20. Nd2 axb4 21. axb4 Rxa1 22. Qxa1
Ra8 23. Qb2 Bd8 24. e4 dxe4 25. Ndxe4 h6 26. Nd6 Qa6 27. Qe2 Nf6 28. h4 h5 29.
g5 Nfd5 30. Nxd5 exd5 31. Be5 Qa3 32. Qd2 Qb3 33. Nb7 Ne6 34. Re3 Ra1+ 35. Re1
Ra2 36. Qe3 Qxb4 37. Bg3 Kh7 38. Nxd8 Nxd8 39. Qe7 Ra7 40. Qe8 Ne6 41. Rxe6 fxe6
42. Qxe6 Ra1+ 43. Kh2 Qe1 44. Qd7 Qg1+ 45. Kh3 Ra7 0-1

[Event "Isle of Man Open"]
[Site "Douglas"]
[Date "25.10.2018"]
[Round "6.15"]
[White "Tregubov, Pavel V."]
[Black "Artemiev, Vladislav"]
[Result "0-1"]
[WhiteTitle "GM"]
[BlackTitle "GM"]
[WhiteElo "2588"]
[BlackElo "2706"]
[WhiteFideId "4115341"]
[BlackFideId "24101605"]
[EventDate "2018.10.20"]

1. d4 Nf6 2. c4 g6 3. g3 Bg7 4. Bg2 O-O 5. Nc3 Nc6 6. e3 d6 7. Nge2 e5 8. d5 Nb8
9. O-O a5 10. e4 Na6 11. h3 Nh5 12. g4 Nf6 13. Ng3 Nd7 14. Be3 Ndc5 15. Qd2 Nb4
16. Rfd1 Nbd3 17. Nce2 Bd7 18. Qc2 Nf4 19. Rab1 h5 20. Nxf4 exf4 21. Bxf4 hxg4
22. hxg4 Qh4 23. Qd2 Qxg4 24. f3 Qh4 25. Ne2 Qe7 26. Bg5 f6 27. Be3 f5 28. Bxc5
fxe4 29. Be3 exf3 30. Nf4 Rfe8 31. Bxf3 Qxe3+ 32. Qxe3 Rxe3 33. Kf2 Re5 34. Nxg6
Rg5 35. Nf4 Bf5 36. Ne6 Rg6 37. Bh5 Rh6 38. Be2 Rh2+ 39. Kf3 Bxb1 40. Rxb1 Kf7
41. Nxc7 Rah8 42. Ne6 R8h3+ 43. Kg4 Rh4+ 44. Kf3 Be5 45. Bf1 b6 46. b4 Rxa2 47.
bxa5 Ra3+ 48. Kf2 bxa5 49. c5 dxc5 50. Rb6 Bd4+ 0-1

[Event "Isle of Man Open"]
[Site "Douglas"]
[Date "25.10.2018"]
[Round "6.16"]
[White "Wagner, Dennis"]
[Black "Almasi, Zoltan"]
[Result "1/2-1/2"]
[WhiteTitle "GM"]
[BlackTitle "GM"]
[WhiteElo "2572"]
[BlackElo "2702"]
[WhiteFideId "24650684"]
[BlackFideId "702293"]
[EventDate "2018.10.20"]

1. d4 Nf6 2. c4 e6 3. Nf3 b6 4. g3 Ba6 5. b3 Bb7 6. Bg2 Bb4+ 7. Bd2 a5 8. O-O
O-O 9. Qc2 d6 10. Bc3 d5 11. a3 Be7 12. Bb2 Na6 13. cxd5 exd5 14. Nc3 Re8 15.
Rad1 Bf8 16. Ne5 c5 17. e3 cxd4 18. exd4 Nc7 19. Rfe1 Rc8 20. Bh3 Ne6 21. Qe2
Qc7 22. Qd2 Qb8 23. Bf1 Qa8 24. Bg2 Qb8 25. Bf1 Bd6 26. Nb5 Bf8 27. Nc3 Bd6 28.
Nb5 Bf8 1/2-1/2

[Event "Isle of Man Open"]
[Site "Douglas"]
[Date "25.10.2018"]
[Round "6.17"]
[White "Jones, Gawain C B"]
[Black "Nihal, Sarin"]
[Result "1-0"]
[WhiteTitle "GM"]
[BlackTitle "IM"]
[WhiteElo "2677"]
[BlackElo "2572"]
[WhiteFideId "409561"]
[BlackFideId "25092340"]
[EventDate "2018.10.20"]

1. e4 e6 2. d4 d5 3. e5 c5 4. c3 Nc6 5. Nf3 Qb6 6. a3 c4 7. Nbd2 Bd7 8. Be2 Na5
9. O-O Ne7 10. Rb1 Qc7 11. Ne1 Nc8 12. f4 Nb6 13. Bg4 g6 14. Ndf3 O-O-O 15. Be3
h6 16. Bf2 Kb8 17. Bh4 Re8 18. Qd2 Na4 19. Nc2 Qb6 20. Ne3 Bc8 21. Bh3 h5 22.
Bf6 Rg8 23. Ng5 Qc7 24. Nh7 Be7 25. g4 hxg4 26. Nxg4 Rh8 27. Bxh8 Rxh8 28. Ng5
Bxg5 29. fxg5 Rxh3 30. Nh6 Nc6 31. Qc2 Nc5 32. Qg2 Rd3 33. Rxf7 Qb6 34. dxc5
Qxc5+ 35. Qf2 d4 36. Ng4 Qd5 37. Re1 dxc3 38. bxc3 Rxc3 39. Nf6 Qd3 40. Qc5 Qd4+
41. Qxd4 Nxd4 42. Rd1 Nf3+ 43. Kf1 Nxe5 44. Rf8 Kc7 45. Ne8+ Kc6 46. Nf6 Kc7 47.
Rg8 Rxa3 48. Rdd8 Bd7 49. Nxd7 Nxd7 50. Rc8+ Kd6 51. Rxc4 Ra1+ 52. Kg2 Ra2+ 53.
Kg3 Ra3+ 54. Kf4 Kd5 55. Rc2 Ra4+ 56. Kg3 Ra3+ 57. Kg2 Ke4 58. Rf2 Nc5 59. Rxg6
Nd3 60. Rxe6+ Kd5 61. Re3 1-0